Levantamiento ecológico de malezas del cultivo de la cebada (Hordeum vulgare L.) en los llanos de Apan, Hidalgo / (Record no. 207687)
[ view plain ]
| 000 -CABECERA | |
|---|---|
| campo de control de longitud fija | 01136nam a2200325Ia 4500 |
| 001 - NÚMERO DE CONTROL | |
| campo de control | Para_9080 |
| 003 - IDENTIFICADOR DEL NÚMERO DE CONTROL | |
| campo de control | CHAP |
| 008 - DATOS DE LONGITUD FIJA--INFORMACIÓN GENERAL | |
| campo de control de longitud fija | 220125s2005 xx 000 0 und d |
| 010 ## - NÚMERO DE CONTROL DE LA BIBLIOTECA DEL CONGRESO | |
| Número de control de LC | 207687 |
| 040 ## - FUENTE DE LA CATALOGACIÓN | |
| Centro/agencia transcriptor | CHAP |
| 090 ## - LOCALMENTE ASIGNADO TIPO-LC NÚMERO DE CLASIFICACIÓN (OCLC); NÚMERO DE CLASIFICACIÓN LOCAL (RLIN) | |
| Número de clasificación (OCLC) (R) ; Numero de clasificación, CALL (RLIN) (NR) | PA TESIS 1938 |
| 100 ## - ENTRADA PRINCIPAL--NOMBRE DE PERSONA | |
| Nombre de persona | Vera Heredia, José Manuel |
| 9 (RLIN) | 118776 |
| 245 ## - MENCIÓN DE TÍTULO | |
| Título | Levantamiento ecológico de malezas del cultivo de la cebada (Hordeum vulgare L.) en los llanos de Apan, Hidalgo / |
| Mención de responsabilidad, etc. | por José Manuel Vera Heredia |
| 260 ## - PUBLICACIÓN, DISTRIBUCIÓN, ETC. | |
| Lugar de publicación, distribución, etc. | Chapingo, Méx. : |
| Nombre del editor, distribuidor, etc. | el autor |
| 300 ## - DESCRIPCIÓN FÍSICA | |
| Extensión | 45 h. |
| 502 ## - NOTA DE TESIS | |
| Nota de tesis | Tesis (Ing. Agr. Esp. en Parasitología Agrícola) -- UACh. Departamento Parasitología Agrícola |
| 650 ## - PUNTO DE ACCESO ADICIONAL DE MATERIA--TÉRMINO DE MATERIA | |
| Término de materia o nombre geográfico como elemento de entrada | Cebada |
| Subdivisión general | malas hierbas |
| -- | control |
| 9 (RLIN) | 20693 |
| 650 ## - PUNTO DE ACCESO ADICIONAL DE MATERIA--TÉRMINO DE MATERIA | |
| Término de materia o nombre geográfico como elemento de entrada | Labranza cero |
| 9 (RLIN) | 64307 |
| 650 ## - PUNTO DE ACCESO ADICIONAL DE MATERIA--TÉRMINO DE MATERIA | |
| Término de materia o nombre geográfico como elemento de entrada | Labranza convencional |
| 9 (RLIN) | 171245 |
| 650 ## - PUNTO DE ACCESO ADICIONAL DE MATERIA--TÉRMINO DE MATERIA | |
| Término de materia o nombre geográfico como elemento de entrada | Malas hierbas |
| Subdivisión general | biología |
| 9 (RLIN) | 172135 |
| 650 ## - PUNTO DE ACCESO ADICIONAL DE MATERIA--TÉRMINO DE MATERIA | |
| Término de materia o nombre geográfico como elemento de entrada | Malas hierbas |
| Subdivisión general | ecología |
| 9 (RLIN) | 70017 |
| 710 ## - PUNTO DE ACCESO ADICIONAL--NOMBRE DE ENTIDAD CORPORATIVA | |
| Nombre de entidad corporativa o nombre de jurisdicción como elemento de entrada | UACh. Departamento Parasitología Agrícola |
| 9 (RLIN) | 164025 |
| 901 ## - ELEMENTOS DE DATOS A LOCAL LDA (RLIN) | |
| a | PA TESIS 1938 |
| 902 ## - ELEMENTOS DE DATOS B LOCAL, LDB (RLIN) | |
| a | A |
| 905 ## - ELEMENTOS DE DATOS E LOCAL, LDE (RLIN) | |
| a | 0000002005 mx mn 0000000000sp 00 |
| 910 ## - DATOS DE OPCIÓN DEL USUARIO (OCLC) | |
| Datos de opción del usuario | 2005 |
| 942 ## - ELEMENTOS DE PUNTO DE ACCESO ADICIONAL (KOHA) | |
| Tipo de ítem Koha | Parasitologia_ |
| 942 ## - ELEMENTOS DE PUNTO DE ACCESO ADICIONAL (KOHA) | |
| Tipo de ítem Koha | Parasitologia_ |
| -- | 2 |
| Estado de retiro | Estado de pérdida | Fuente del sistema de clasificación o colocación | Estado dañado | No para préstamo | Código de colección | Localización permanente | Ubicación/localización actual | Ubicación en estantería | Fecha de adquisición | Información codificada de la localización en otra ubicación | Total de préstamos | Código de barras | Fecha visto por última vez | Número de copia | Precio válido a partir de | Tipo de ítem Koha | Nota pública |
|---|---|---|---|---|---|---|---|---|---|---|---|---|---|---|---|---|---|
| Clasificación Universidad Autónoma de Chapingo | Tesis | Parasitologia Agricola | Parasitologia Agricola | 05/12/2005 | PARA | PA_8865-2 | 25/01/2022 | 2 | 25/01/2022 | Tesis | 3 | ||||||
| Clasificación Universidad Autónoma de Chapingo | Tesis | Parasitologia Agricola | Parasitologia Agricola | 05/12/2005 | PARA | PA_8865 | 25/01/2022 | 1 | 25/01/2022 | Tesis | 3 |
